Europe Map Quiz - with a difference - Statistics

General Stats
  • This quiz has been taken 83 times
  • The average score is 26 of 45
Answers on the Map
Answers color-coded by a green-red scale on the quiz's map according to % correct below.
 
Answer Stats
Answer % Correct
Андорра
73%
Австрия
69%
Россия
69%
Босния и
Герцеговина
69%
Косово
68%
Молдова
68%
Монако
68%
Албания
66%
Ватикан
66%
Сан-Марино
66%
Объединенное
Королевство
66%
Македония
64%
Бельгия
63%
Болгария
63%
Мальта
63%
Беларусь
61%
Сербия
61%
Германия
59%
Греция
59%
Румыния
59%
Словения
59%
Украина
59%
Дания
58%
Исландия
58%
Словакия
58%
Франция
58%
Люксембург
56%
Португалия
56%
Финляндия
56%
Лихтенштейн
54%
Нидерланды
54%
Эстония
54%
Венгрия
53%
Польша
53%
Черногория
53%
Чехия
53%
Ирландия
51%
Норвегия
51%
Швеция
51%
Италия
49%
Латвия
47%
Хорватия
47%
Литва
46%
Швейцария
46%
Испания
41%
No matching quizzes found
Score Distribution
Percent of People with Each Score
Percentile by Number Answered
Your Score History
You have not taken this quiz